00650nam a2200169 a 450000100100000000500170001000800410002704000250006808200150009310000430010824500770015126000380022830000210026650000630028795201130035099900170046300004554020201002052315.0150414s2000 dr 000 0 spa d aDO-SdBNPbspacBNPHU axxxxbxxxx1 aFortunato Victoria, Andrés R.97360510aNunca te rindas :b¡Nunca te rindas! /cAndrés R. Fortunato Victoria. aSanto Domingo :bImpretur,c2000. a198 p. ;c21 cm. aIncluye datos del autor en la solapa de la contracubierta. 0010718PDaPDbPDcCTd2015-04-14iLF1l0oxxxx xxxxp45540-10r2020-06-25w2020-06-25yLFPDZNo se presta c45029d45029